| 000 | 00503nam a22001697a 4500 | ||
|---|---|---|---|
| 005 | 20251108164911.0 | ||
| 008 | 250721s1997 xx 000 0 ara d | ||
| 082 | 1 | 4 | _a646.72/روا |
| 100 | 1 | _aالرواجبة، عايدة أحمد | |
| 245 | 1 | 0 | _aتعلمي فن الماكياج / |
| 264 | 1 |
_aعمان : _bدار الإسراء للنشر و التوزيع، _c1997. |
|
| 300 | _a96ص. | ||
| 650 | 1 | 7 | _aالمظهر الشخصي |
| 650 | 1 | 7 | _aالتجميل |
| 942 |
_2ddc _cBK |
||
| 999 |
_c17018 _d17018 |
||